| 000 | 00403nam a22001577a 4500 | ||
|---|---|---|---|
| 003 | NUST - PNEC | ||
| 005 | 20170116181136.0 | ||
| 008 | 151007b xxu||||| |||| 00| 0 eng d | ||
| 020 | _a8176491721 | ||
| 040 | _cLIBRARY | ||
| 082 | _a658.4013 CAR | ||
| 245 |
_aThe aftermath of reengineering : downsizing and corporate performance _cTony Carter |
||
| 250 | _a- | ||
| 260 | _c2000 | ||
| 942 |
_2ddc _cBK |
||
| 999 |
_c70220 _d70220 |
||